El Mediterráneo es un hombre disfrazado de mar /

Guardado en:
書目詳細資料
主要作者: Gironella, José María (autor)
格式: 圖書
語言:西班牙语
出版: Barcelona, España : Plaza y Janés, 1977, c1974
叢編:(El Arca de Papel ; 120)
主題:
標簽: 添加標簽
沒有標簽, 成為第一個標記此記錄!

MARC

LEADER 00000nam^a2200000^a^4500
001 000101386
005 20250521000000.0
009 20260310093236.279
020 |a 84-01-41120-3 
037 |a Acervo ITESO - Biblioteca 
041 |a ESP 
082 |a 910. 91822  |b GIR 
100 |a Gironella, José María  |e (autor) 
245 1 3 |a El Mediterráneo es un hombre disfrazado de mar /  |c J.M. Gironella. 
264 4 |a Barcelona, España :  |b Plaza y Janés,  |c 1977, c1974 
300 |a 430 p. 
336 |a texto  |b txt  |2 rdacontenido 
337 |a sin mediación  |b n  |2 rdamedio 
338 |a volumen  |b nc  |2 rdasoporte 
440 4 |a (El Arca de Papel ;  |v 120) 
649 |a XX 
650 |a Exploradores y Viajeros Españoles 
650 |a Libros de Viajes Españoles 
650 |a Libros de Viajes -  |z Mediterráneo (Región) 
650 |a Viajes Marítimos -  |z Mediterráneo (Región) 
650 |a Viajes y Travesías -  |z Mediterráneo (Región) 
650 |a Mediterráneo (Región) -  |x Descripción 
650 |a Mediterráneo (Mar) -  |x Descripción 
650 |a Océano Atlántico -  |x Descripción 
910 |a Fondo Jesús Rodríguez 
920 |a Impresos - Libros 
930 |a Fondos Especiales 
905 |a 113 
901 |a 0500036943  |b IT2  |c ESP  |u 20250521 
902 |a https://opac.biblio.iteso.mx/vufind/Record/000101386